000 00678nam a2200289Ia 4500
005 20260324134249.0
008 008 260324s9999 xx 000 0 eng d
020 _a9780203995273
037 _aEBOOK
040 _aCRL
040 _beng
040 _cCRL
041 _2eng
041 _aeng
084 _qCRL
100 _aJames K.A. Smith
_91196173
245 0 _aSpeech and Theology
245 0 _bLanguage and the Logic of Incarnation
260 _bTaylor and Francis
260 _c2002
365 _a
365 _b230
856 _uhttp://www.taylorfrancis.com/books/9780203995273
942 _cEBOOK
999 _c1796072
_d1796072